La dimension internacional en la educacion superior : (Registro nro. 323663)

Detalles MARC
000 -ENCABEZADO
Número de control [NR] 01029nam a22002417a 4500
005 - FECHA Y HORA DE LA ÚLTIMA TRANSACCIÓN
control field 20231212100711.0
008 - DE LONGITUD FIJA DE DATOS DE ELEMENTOS - INFORMACIÓN GENERAL
Elementos de longitud fija [NR] 231212b ||||| |||| 00| 0 eng d
020 ## - NUMERO INTERNACIONAL NORMALIZADO PARA LIBROS [R]
Número Internacional Normalizado del libro [NR] 9786075025674
040 ## - FUENTE DE CATALOGACION [NR]
Agencia de catalogación original [NR] CO-BoUCM
Quien Cataloga David Moreno
Quien Clasifica David Moreno
041 ## - CODIGO DE IDIOMA [R]
Código de idioma para texto/pista de sonido o título separado [R] Español
245 13 - MENCION DE TITULO [NR]
Título [NR] La dimension internacional en la educacion superior :
Parte restante del título [NR] experiencia y compromiso de la Universidad Veracruzana
260 ## - PUBLICACION, DISTRIBUCION, ETC. (PIE DE IMPRENTA) [R]
Lugar de publicación, distribución, etc. [R] Veracruz, MEX
Nombre del editor, distribuidor, etc. [R] Universidad Veracruzana
Fecha de publicación, distribución, etc. [R] 2017
300 ## - DESCRIPCION FISICA [R]
Extensión [R] 199 Paginas
Otros detalles físicos [NR] ilustraciones y graficas
490 ## - MENCION DE SERIE [R]
Mención de serie [R] Colección textos nómadas, Nueva época
610 1# - ASIENTO SECUNDARIO DE MATERIA - NOMBRE CORPORATIVO [R]
Nombre corporativo o nombre de la jurisdicción como elemento de entrada [NR] Universidad Veracruzana
Subdivisión general [R] Cooperación internacional educativa
9 (RLIN) 179543
650 17 - ASIENTO SECUNDARIO DE MATERIA - TERMINO TEMATICO [R]
Término temático o nombre geográfico como elemento de entrada [NR] Educación superior
Subdivisión general [R] Aspectos sociales
Subdivisión geográfica [R] Veracruz (Mexico)
9 (RLIN) 179544
650 17 - ASIENTO SECUNDARIO DE MATERIA - TERMINO TEMATICO [R]
Término temático o nombre geográfico como elemento de entrada [NR] Educación internacional
9 (RLIN) 13838
650 17 - ASIENTO SECUNDARIO DE MATERIA - TERMINO TEMATICO [R]
Término temático o nombre geográfico como elemento de entrada [NR] Comunidad y universidad
9 (RLIN) 11408
700 1# - ASIENTO SECUNDARIO - NOMBRE PERSONAL [R]
Nombre personal [NR] Corzo Ramírez, Ricardo
9 (RLIN) 179545
700 1# - ASIENTO SECUNDARIO - NOMBRE PERSONAL [R]
Nombre personal [NR] Hernández Alarcón, María Magdalena
9 (RLIN) 179546
942 ## - ELEMENTOS DE ENTRADA AGREGADOS (KOHA)
Sistema de clasificación DEWEY
Tema principal Educación
Tipo de ítem principal el descrito en 300a Libro
Edición 1
Clasificación 378.7262
Parte restante de la signatura top. D582
Título oculto en OPAC No
Existencias
Signatura topográfica Código de barras Última vez visto Ejemplar Costo de reposición Price effective from Tipo de ítem Perdido Sistema de clasificación Dañado No prestable Tipo de ítem específico Suprimido Ubicación habitual Ubicación actual Localización Fecha de creación Forma de adquisición
378.7262 D582 100172198 05/12/2025 Ej.1 26000.00 12/12/2023 Libro   DEWEY     Libro   Claustro Claustro 2do piso 12/12/2023 Donación